Multimedia Applications /
Contenido: 1. Introducción; 2. Sistemas de bases de datos; 3. Programación, 4. Seguridad; 5. Documentos, hipertexto e hipermedia; 6. Diseño; 7. Interfaces de usuario; 8. Aprendizaje con multimedia; 9. Aplicaciones multimedia.
Guardado en:
| Autor principal: | |
|---|---|
| Otros autores: | |
| Formato: | Libro |
| Idioma: | Inglés |
| Publicado: |
Berlín, Alemania :
Springer,
2004, c2004
|
| Colección: | (X Media Publishing)
|
| Temas: | |
| Etiquetas: |
Sin etiquetas, Sé el primero en etiquetar este registro!
|
MARC
| LEADER | 00000nam^a2200000^a^4500 | ||
|---|---|---|---|
| 001 | 000303117 | ||
| 005 | 20250521000000.0 | ||
| 009 | 20260310112637.582 | ||
| 020 | |a 3-540-40849-5 | ||
| 037 | |a Acervo ITESO - Biblioteca | ||
| 041 | |a ING | ||
| 082 | |a 006. 7 |b STE V. 3 | ||
| 100 | |a Steinmetz, Ralf |e (autor) | ||
| 240 | 1 | 1 | |a [Multimedia] |
| 245 | 1 | 0 | |a Multimedia Applications / |c R. Steinmetz, K. Nahrstedt. |
| 264 | 4 | |a Berlín, Alemania : |b Springer, |c 2004, c2004 | |
| 300 | |a XV, 245 p. | ||
| 336 | |a texto |b txt |2 rdacontenido | ||
| 337 | |a sin mediación |b n |2 rdamedio | ||
| 338 | |a volumen |b nc |2 rdasoporte | ||
| 440 | 1 | |a (X Media Publishing) | |
| 520 | |a Contenido: 1. Introducción; 2. Sistemas de bases de datos; 3. Programación, 4. Seguridad; 5. Documentos, hipertexto e hipermedia; 6. Diseño; 7. Interfaces de usuario; 8. Aprendizaje con multimedia; 9. Aplicaciones multimedia. | ||
| 649 | |a XX | ||
| 650 | |a Bases de Datos | ||
| 650 | |a Interfaz de Usuario | ||
| 650 | |a Interacción Hombre-Máquina | ||
| 650 | |a Multimedia - |x Tema Principal | ||
| 650 | |a Páginas en Línea - |x Diseño y Construcción | ||
| 650 | |a Internet | ||
| 650 | |a Hipertexto | ||
| 650 | |a Tecnologías de Comunicación e Información - |x Función Educativa-Cultural | ||
| 650 | |a Programación (Software) - |x Tema Principal | ||
| 650 | |a Sistemas Computacionales | ||
| 650 | |a Ingeniería Computacional | ||
| 700 | |a Nahrstedt, Klara |e (autor) | ||
| 910 | |a Fondo General | ||
| 920 | |a Impresos - Libros | ||
| 930 | |a Colección General | ||
| 905 | |a 101 | ||
| 901 | |a 0500189421 |b IT1 |c ACC |i C124252 |u 20250521 | ||
| 902 | |a https://opac.biblio.iteso.mx/vufind/Record/000303117 | ||